00266nam a2200097Ia 4500008004100000041000800041100002900049245003600078260003500114999001900149241105s9999 xx 000 0 und d aeng aDeshpande Aastha9182555 aArtisan's Village In New Bombay bFinal Year B. Arch, BNCAc2014 c360844d360844